书目信息 |
| 题名: |
高效管理实务
|
|
| 作者: | 何启丰 编著 | |
| 分册: | ||
| 出版信息: | 广州 广东经济出版社 2002.01 |
|
| 页数: | 247页 | |
| 开本: | 21cm | |
| 丛书名: | ||
| 单 册: | ||
| 中图分类: | F270 | |
| 科图分类: | ||
| 主题词: | 企业管理--管理学 | |
| 电子资源: | ||
| ISBN: | 7-80677-010-0 | |
| 000 | 00834nam0 2200229 450 | |
| 001 | 0138779546 | |
| 005 | 20050916103213.45 | |
| 010 | @a7-80677-010-0@dCNY18.00 | |
| 100 | @a20050325d2002 km y0chiy0120 ea | |
| 101 | 0 | @achi |
| 102 | @aCN@b440000 | |
| 105 | @aa z 000yy | |
| 200 | 1 | @a高效管理实务@Agao xiao guan li shi wu@f(台湾)何启丰编著@F(tai wan)he qi feng bian zhu |
| 210 | @a广州@c广东经济出版社@d2002.01 | |
| 215 | @a247页@c图@d21cm | |
| 330 | @a本书主要内容是关于管理、监督的基本技术以及具体实施方案,包括:管理者的主要目标、管理的本质、怎样才能组织、发挥有效的管理活动、管理者怎样发挥其领导作用等。 | |
| 333 | @a从事管理监督的人士以及将成为管理者、监督者的人员。 | |
| 606 | 0 | @a企业管理@x管理学 |
| 690 | @aF270@v4 | |
| 701 | 0 | @a何启丰@Ahe qi feng@4编著 |
| 801 | 0 | @aCN@bQSSK@c20050916 |
| 905 | @a10447@dF270@eH191 | |
| 高效管理实务/(台湾)何启丰编著.-广州:广东经济出版社,2002.01 |
| 247页:图;21cm |
| 使用对象:从事管理监督的人士以及将成为管理者、监督者的人员。 |
| ISBN 7-80677-010-0:CNY18.00 |
| 本书主要内容是关于管理、监督的基本技术以及具体实施方案,包括:管理者的主要目标、管理的本质、怎样才能组织、发挥有效的管理活动、管理者怎样发挥其领导作用等。 |
| ● |
| 相关链接 |
|
|
|
正题名:高效管理实务
索取号:F270/H191
 
预约/预借
| 序号 | 登录号 | 条形码 | 馆藏地/架位号 | 状态 | 备注 |
| 1 | 570785 | 205707859 | 社科库409/409社科库 83排1列5层/ [索取号:F270/H191] | 在馆 | |
| 2 | 570786 | 205707868 | 社科库409/409社科库 83排1列5层/ [索取号:F270/H191] | 在馆 | |
| 3 | 570787 | 205707877 | 社科库409/400B社科库 2排3列4层/ [索取号:F270/H191] | 在馆 |